| 000 | 01010nac a22002891u 4500 | ||
|---|---|---|---|
| 003 | EG-ScBUE | ||
| 005 | 20220329092250.0 | ||
| 008 | 120827s2005 ua f 000 0jeara d | ||
| 017 | _a1989 / 3527 | ||
| 020 | _a9771483727 | ||
| 040 |
_aEG-ScBUE _bara _erda _cEG-ScBUE _dEG-ScBUE |
||
| 082 | 0 | 4 |
_a892.737 _bغ ي ط _222 |
| 100 | 1 |
_aالغيطاني، جمال، _d1945-2015، _eمؤلف. _913713 |
|
| 245 | 1 | 0 |
_aكتاب التجليات : _bالأسفار الثلاثة / _cجمال الغيطاني. |
| 250 | _aالطبعة الثانية. | ||
| 264 | 1 |
_aالقاهرة : _bدار الشروق، _c2005. |
|
| 300 |
_a815 صفحة ؛ _c20 سم. |
||
| 336 |
_2rdacontent _aنص _btxt |
||
| 337 |
_2rdamedia _aبدون وسيط _bn |
||
| 338 |
_2rdacarrier _aمجلد _bnc |
||
| 490 | 0 | _aالأعمال الكاملة | |
| 650 | 7 |
_aالقصص القصيرة العربية _yقرن 20. _917369 _2BUEsh |
|
| 651 | _2BUEsh | ||
| 653 |
_bARALIT _cMarch2022 |
||
| 655 |
_vReading book _934232 |
||
| 942 |
_cBB _2ddc |
||
| 999 |
_c5678 _d5678 |
||